5 Countries with Highest Percentage of Internet Users by Continent - Statistics

General Stats
  • This quiz has been taken 82 times
  • The average score is 28 of 32
Answer Stats
% of Internet Users Country % Correct
Oceania 89.6% Australia
99%
North America 97% Canada
99%
Oceania 91.5% New Zealand
99%
North America 90.9% United States
99%
Oceania 68.9% Fiji
96%
South America 85.55% Argentina
95%
South America 81.3% Brazil
93%
Africa 84.1% Morocco
93%
Africa 70% South Africa
93%
South America 88.3% Chile
92%
Africa 71.9% Egypt
92%
Europe 97% Norway
89%
South America 74% Paraguay
88%
Asia 96.5% South Korea
88%
Europe 96.5% Denmark
86%
Asia 99.7% Qatar
85%
South America 70% Suriname
85%
Africa 71.9% Tunisia
85%
Asia 99.7% Bahrain
82%
Europe 99% Iceland
82%
Europe 98.8% Luxembourg
82%
Asia 100% United Arab Emirates
82%
North America 87% Bahamas
81%
Asia 99.1% Kuwait
81%
Europe 96.6% Liechtenstein
80%
Asia 97.9% Saudi Arabia
80%
North America 80.5% Costa Rica
78%
Oceania 31.5% Federated States of Micronesia
76%
Oceania 38% Kiribati
76%
North America 76.9% Dominican Republic
73%
Africa 64.9% Mauritius
72%
Africa 79% Seychelles
69%
No matching quizzes found
Score Distribution
Percent of People with Each Score
Percentile by Number Answered
Your Score History
You have not taken this quiz